000 00270nam a2200097Ia 4500
001 698672
005 20250826162056.0
008 250824s9999 xx 000 0 und d
245 0 _aİKİ ŞEHRİN HİKAYESİ (ANTİK)
_cCHARLES DİCKENS
260 _bANTİK DÜNYA KLASİKLERİ
999 _c698672
_d698672